000 01128cam a2200313 i 4500
001 015875410
003 EG-ScBUE
005 20250709093129.0
008 110819t2012 gw a f b 001 0 eng d
020 _a9783527323494 (hbk.)
040 _aStDuBDS
_beng
_erda
_cStDuBDS
_dUk
_dGE-ScBUE
_dEG-ScBUE
082 0 0 _a541.395
_222
_bCAT
245 0 0 _aCatalysis :
_bfrom principles to applications /
_cedited by Matthias Beller, Albert Renken and Rutger van Santen.
264 1 _aWeinheim, Germany :
_bWiley-VCH Verlag & Co. KGaA,
_c[2012]
264 4 _cc2012
300 _axxii, 642 pages :
_billustrations ;
_c25 cm
336 _2rdacontent
_atext
_btxt
337 _aunmediated
_2rdamedia
_bn
338 _avolume
_bnc
_2rdacarrier
500 _aReprint of the 2012 ed.
504 _aIncludes bibliographical references and index.
650 7 _aCatalysis.
_2BUEsh
_96273
653 _bENGGEN
_cSeptember2014
655 _vReading book
_934232
700 1 _aBeller, Matthias,
_936128
_eeditor.
700 1 _aRenken, Albert,
_936129
_d1941-
_eeditor.
700 1 _aSanten, R. A. van
_q(Rutger A.)
_eeditor.
_936130
942 _2ddc
_cBB
999 _c18424
_d18396